We've learnt nothing from history : (Record no. 549707)

000 -LEADER
fixed length control field 00600cam a22001694a 4500
020 ## - INTERNATIONAL STANDARD BOOK NUMBER
International Standard Book Number 0195978838
082 ## - DEWEY DECIMAL CLASSIFICATION NUMBER
Classification number 954.91
Author Mark ASG
-- N-01, P-146
100 1# - MAIN ENTRY--PERSONAL NAME
Personal name Asghar Khan, Mohammad,
9 (RLIN) 46359
245 10 - TITLE STATEMENT
Title We've learnt nothing from history :
Remainder of title Pakistan, politics and military power /
Statement of responsibility, etc. M. Asghar Khan.
260 ## - PUBLICATION, DISTRIBUTION, ETC.
Place of publication, distribution, etc. Karachi :
Name of publisher, distributor, etc. Oxford University Press,
Date of publication, distribution, etc. 2005.
300 ## - PHYSICAL DESCRIPTION
Extent xviii, 306 p. :
Other physical details ill. ;
Dimensions 23 cm.
500 ## - GENERAL NOTE
General note Includes index.
526 ## - STUDY PROGRAM INFORMATION NOTE
Program name 0
Interest level 0
Reading level 0
Title point value 954_910000000000000_ASG
650 ## - SUBJECT ADDED ENTRY--TOPICAL TERM
Topical term or geographic name entry element NUST
9 (RLIN) 6342
856 42 - ELECTRONIC LOCATION AND ACCESS
Uniform Resource Identifier <a href="http://www.loc.gov/catdir/enhancements/fy0724/2005332249-d.html">http://www.loc.gov/catdir/enhancements/fy0724/2005332249-d.html</a>
942 ## - ADDED ENTRY ELEMENTS (KOHA)
Source of classification or shelving scheme
Koha item type Book
Holdings
Withdrawn status Lost status Source of classification or shelving scheme Damaged status Not for loan Permanent Location Current Location Date acquired Total Checkouts Full call number Barcode Date last seen Date last checked out Price effective from Koha item type
          Military College of Engineering (MCE) Military College of Engineering (MCE) 10/09/2014 1 954.91 ASG MCE-38245 01/26/2018 10/19/2017 10/09/2014 Book
© 2023 Central Library, National University of Sciences and Technology. All Rights Reserved.